|
|
|
|
| LEADER |
00000nas a2200000 a 4500 |
| 001 |
ssj0001904 |
| 003 |
WaSeSS |
| 005 |
20200512172242.0 |
| 006 |
m d |
| 007 |
cr n |
| 008 |
000726c19969999oncqr pss 0 a0eng c |
| 010 |
|
|
|a 2001227014
|z cn2002390037
|
| 015 |
|
|
|a 20023900377
|2 can
|
| 015 |
|
|
|a 20023900377 v̌
|2 can
|
| 016 |
|
|
|a (AMICUS)000024955604
|
| 016 |
|
|
|a 20023900377
|
| 022 |
|
|
|a 1488-237X
|l 1203-7796
|y 1203-7796
|
| 035 |
|
|
|a (WaSeSS)ssj0001904
|
| 040 |
|
|
|a UV$
|b eng
|c UV$
|d EYM
|d OCLCQ
|d NLC
|d OCLCQ
|d CGU
|d OCLCQ
|d OCLCS
|d OCLCQ
|d UQ1
|d OCLCQ
|d CGU
|d OCLCQ
|d OCLCF
|d OCLCO
|d OPELS
|d EUW
|d OCLCQ
|d FFQ
|d OCLCQ
|d OCLCO
|d LND
|d OCLCA
|d BUF
|d APUMS
|d OCLCQ
|d MOW
|d AU@
|d OCLCO
|d OCLCA
|d NLC
|d WaSeSS
|
| 041 |
0 |
|
|a eng
|b fre
|
| 042 |
|
|
|a pcc
|a nlc
|a isds/c
|
| 043 |
|
|
|a n-cn---
|
| 050 |
|
4 |
|a RA771.7.C2
|
| 082 |
1 |
4 |
|a 610.69
|2 13
|
| 130 |
0 |
|
|a Canadian journal of rural medicine (Online)
|
| 210 |
0 |
|
|a Can. j. rural med.
|b (Online)
|
| 222 |
|
0 |
|a Canadian journal of rural medecine
|b (Online)
|
| 245 |
1 |
0 |
|a Canadian journal of rural medicine
|h [electronic resource] =
|b Journal canadien de la médecine rurale.
|
| 246 |
3 |
0 |
|a Rural medicine
|
| 246 |
3 |
0 |
|a Médecine rurale
|
| 246 |
3 |
1 |
|a Journal canadien de la médecine rurale
|
| 246 |
1 |
3 |
|a CJRM
|
| 260 |
|
|
|a Ottawa :
|b Canadian Medical Association for the Society of Rural Physicians of Canada,
|c 1996-
|
| 310 |
|
|
|a Quarterly
|
| 362 |
0 |
|
|a Vol. 1, no. 1 (June 1996)-
|
| 500 |
|
|
|a Title from title screen (viewed July 26, 2000).
|
| 506 |
|
|
|a License restrictions may limit access.
|
| 538 |
|
|
|a Mode of access: World Wide Web.
|
| 546 |
|
|
|a Text in English; some issues include some text in French. Prefatory text and headlines in English and French.
|
| 588 |
|
|
|a Latest issue consulted: Vol. 6, issue 1 (winter 2001).
|
| 650 |
|
0 |
|a Rural health
|z Canada
|v Periodicals.
|
| 650 |
|
0 |
|a Rural health services
|z Canada
|v Periodicals.
|
| 650 |
|
0 |
|a Medicine, Rural
|x Practice
|z Canada
|v Periodicals.
|
| 650 |
0 |
2 |
|a Rural Health.
|
| 650 |
0 |
2 |
|a Rural Health Services.
|
| 650 |
0 |
2 |
|a Rural Health
|z Canada
|v Periodicals.
|
| 650 |
0 |
2 |
|a Rural Health Services
|z Canada
|v Periodicals.
|
| 650 |
|
6 |
|a Médicine rurale
|x Pratique
|z Canada
|v Périodiques.
|
| 650 |
|
6 |
|a Santé rurale
|z Canada
|v Périodiques.
|
| 650 |
|
6 |
|a Santé rurale, Services de
|z Canada
|v Périodiques.
|
| 650 |
|
7 |
|a Medicine, Rural
|x Practice.
|2 fast
|0 (OCoLC)fst01015369
|
| 650 |
|
7 |
|a Rural health.
|2 fast
|0 (OCoLC)fst01101651
|
| 650 |
|
7 |
|a Rural health services.
|2 fast
|0 (OCoLC)fst01101665
|
| 650 |
|
7 |
|a Médecine rurale.
|2 rasuqam
|
| 651 |
|
2 |
|a Canada.
|
| 651 |
|
7 |
|a Canada.
|2 fast
|0 (OCoLC)fst01204310
|
| 651 |
|
7 |
|a Canada.
|2 rasuqam
|
| 655 |
|
0 |
|a Electronic journals.
|
| 710 |
2 |
|
|a Canadian Medical Association.
|
| 710 |
2 |
|
|a Society of Rural Physicians of Canada.
|
| 776 |
1 |
|
|t Canadian journal of rural medicine
|x 1203-7796
|w (DLC)ce 97390015
|w (OCoLC)37392577
|
| 856 |
4 |
0 |
|z Full text available from Research Library: 01/01/1998 to present
|u https://search.proquest.com/publication/45825
|